Every British Army Campaign under Queen Victoria - Statistics

General Stats
  • This quiz has been taken 83 times
  • The average score is 12 of 44
Answer Stats
Date Answer % Correct
1853-1856 Crimean
88%
1880-1881 First Boer
80%
1899-1902 Second Boer
80%
1857-1858 Indian
77%
1879 Zulu
65%
1839-1842 First Opium
61%
1856-1860 Second Opium
61%
1839-1842 First Afghan
58%
1878-1880 Second Afghan
58%
1852-1853 Second Burmese
36%
1885 Third Burmese
36%
1868-1872 Te Kooti
30%
1868-1869 Titokowaru
30%
1899-1901 Boxer
29%
1856-1857 Persian
27%
1863-1864 Second Ashanti
24%
1873-1874 Third Ashanti
24%
1845-1846 First Sikh
18%
1845-1846 Flagstaff
18%
1884-1889 Mahdist
18%
1848-1849 Second Skih
18%
1896 Zanzibar
18%
1860-1861 First Taranaki
17%
1846 Hutt Valley
17%
1863-1866 Waikato
17%
1847 Wanganui
17%
1867-1868 Abyssinia
15%
1868 1868 Abyssinia
14%
1850-1853 Eighth Xhosa
14%
1877-1879 Ninth Xhosa
14%
1846-1847 Seventh Xhosa
14%
1850-1864 Taiping
12%
1869 Red River
9%
1864-1865 Bhutan
8%
1888 Sikkim
6%
1856-1857 Nicaraguan
5%
1837-1838 Patriote Rebellion
5%
1879-1882 Urabi
5%
1839-1851 Uruguayan
5%
1863 Kagoshima
3%
1867-1874 Klang
3%
1891 Manipur
3%
1839-1841 Second Egyptian-Ottoman
3%
1849 Tysami
3%
No matching quizzes found
Score Distribution
Percent of People with Each Score
Percentile by Number Answered
Your Score History
You have not taken this quiz